| 000 | 00440nam a22001697a 4500 | ||
|---|---|---|---|
| 003 | SGT | ||
| 020 | _a 9789352301973 | ||
| 082 |
_a615.19 _bP24N |
||
| 100 | _aNADENDLA, RAMARAO | ||
| 245 | _aPRINCIPLES OF PHARMACEUTICAL ORGANIC CHEMISTRY | ||
| 250 | _a2ND | ||
| 260 |
_aHYDERABAD _bPHARMA MED PRESS _c2024 |
||
| 300 | _a428 | ||
| 650 | _aORGANIC CHEMISTRY | ||
| 653 | _aPRINCIPLES, PHARMACEUTICAL, ORGANIC, CHEMISTRY | ||
| 942 |
_2ddc _cBK |
||
| 999 |
_c26966 _d26966 |
||